| 000 | 01300 a2200217 4500 | ||
|---|---|---|---|
| 001 | 50084 | ||
| 005 | 20260407155801.0 | ||
| 008 | 260407a1988 arg spa d | ||
| 003 | AR-UNSa-BCEJYS | ||
| 040 |
_aAR-UNSa-BCEJYS _bspa _cAR-UNSa-BCEJYS |
||
| 080 |
_a35:004 _xAdministración Pública e Informática |
||
| 245 | 1 | 0 |
_aBurocracia publica _pTecnologia informática, transformación cultural y condicionantes políticos |
| 020 | _a87-7088-465-4 | ||
| 264 | 1 |
_aMadrid : _bInstituto Nacional de Administración Pública (INAP) _c1988 |
|
| 300 |
_a95 p. _c21 cm. |
||
| 505 | _a1. Organizaciones del sector público: ¿La tecnología informática es clave para su transformación? - 2. Características del estudio y precisiones conceptuales - 3. Presentación global de los casos seleccionados: Síntesis de sus características más salientes - 4. Insumos de información - 5. Procesos, equipamiento y software - 6. Productos y usuarios - 7. Aspectos presupuestarios y costos - 8. Aspectos culturales - 9. Síntesis descriptiva de los casos analizados - 10. Análisis comparativo, reelaboración conceptual y planteo de las principales hipótesis - 11. Consideraciones finales - | ||
| 041 | _aspa | ||
| 942 | _cBK | ||
| 590 | _aniveau_biblio:m niveau_hierar:0 | ||
| 100 | 1 | _aFelcman, Isidoro Luis | |
| 999 |
_c4946 _d4946 |
||